|
|
|
|
| LEADER |
00000nab a2200000 a 4500 |
| 001 |
vtls001499987 |
| 003 |
SK-MaSNL |
| 005 |
20260305014141.0 |
| 008 |
250506s1996 xo 000 0 slo |
| 035 |
|
|
|a SPKCL2747
|
| 035 |
|
|
|a (urnnbn)urn:nbn:sk:snk:ar-a07mbv
|
| 035 |
|
|
|a (uuid)7294296f-fe34-454f-8dc4-982da203d49a
|
| 035 |
|
|
|a urn:nbn:sk:snk-ab8a57
|
| 040 |
|
|
|a SNKBUCL
|b slo
|c SNKBUCL
|e AACR2
|
| 041 |
0 |
|
|a slo
|
| 044 |
|
|
|a xo
|c SK
|
| 080 |
|
|
|a 376.36:376.4
|2 1981
|
| 100 |
1 |
|
|a Vaňhara, Ladislav
|4 aut
|9 6825
|
| 245 |
1 |
0 |
|a Rozvíjanie reči mentálne retardovaných detí raného a predškolského veku
|c Ladislav Vaňhara
|
| 650 |
0 |
7 |
|a špeciálna pedagogika
|2 snkbucl
|9 958
|
| 650 |
0 |
7 |
|a logopédia
|2 snkbucl
|9 921
|
| 650 |
0 |
7 |
|a predškolská výchova
|2 snkbucl
|9 3959
|
| 650 |
0 |
7 |
|a mentálne postihnuté deti
|2 snkbucl
|9 1073
|
| 650 |
0 |
7 |
|a mentálna retardácia
|2 snkbucl
|9 1169
|
| 655 |
|
7 |
|a recenzie
|2 snkbucl
|9 21907
|
| 773 |
0 |
|
|t Efeta - otvor sa
|g Roč. 6, č. 1 (1996), s. 29
|
| 787 |
0 |
8 |
|i Rec.:
|a Lechta, Viktor
|t Rozvíjanie reči mentálne retardovaných detí raného a predškolského veku
|d Bratislava : Invocentrum, 1995
|
| 787 |
0 |
8 |
|i Rec.:
|a Matuška, Ondrej
|t Rozvíjanie reči mentálne retardovaných detí raného a predškolského veku
|d Bratislava : Invocentrum, 1995
|
| 850 |
|
|
|a Slovenská národná knižnica
|
| 852 |
|
|
|a Slovenská národná knižnica
|
| 954 |
|
|
|a odborná, vedecká literatúra pôvodná (slovenská)
|2 lita
|
| 958 |
|
|
|a article9
|
| 958 |
|
|
|a OND
|
| 958 |
|
|
|a EUIPO
|
| 999 |
|
|
|c 3267970
|d 3269900
|